| 000 | 00374nam a2200145Ia 4500 | ||
|---|---|---|---|
| 008 | 100122s9999 xx 000 0 und d | ||
| 082 |
_b21013 _a823 |
||
| 100 | _aROSTEN LEO | ||
| 245 | _aTHE MOST PRIVATE INTRIGUE | ||
| 260 |
_bVICTOR GOLLANCZ LTD _c1967 |
||
| 300 | _a268 | ||
| 630 | _aTHE MOST PRIVATE INTRIGUE | ||
| 730 | _aTHE MOST PRIVATE INTRIGUE | ||
| 942 | _cBOOK | ||
| 999 |
_c366650 _d366647 |
||